| 000 | 01278nam a22003257a 4500 | ||
|---|---|---|---|
| 999 |
_c21458 _d21458 |
||
| 003 | AR-CdUCM | ||
| 008 | 190220b ||||| |||| 00| 0 spa d | ||
| 020 | _a9789972515613 | ||
| 040 |
_aMUNICIPALIDAD PROVINCIAL DEL CUSCO _cBIBLIOTECA MUNICIPAL DEL CUSCO |
||
| 082 |
_a331.0985/D95 _bD95 |
||
| 100 |
_aDrinot, Paulo _944855 |
||
| 245 |
_aLa seducción de la clase obrera : _btrabajadores, raza y la formación del estado peruano / _cPaulo Drinot |
||
| 260 |
_aLima : _bInstituto de Estudios Peruanos, IEP, _bMinisterio de Cultura, _c2016. |
||
| 300 |
_a325 páginas ; _bilustraciones, _c24 cm. |
||
| 440 |
_aSerie Perú Problema, _n44. _944856 |
||
| 500 |
_zBibliografía: p. [289]-325. _aTitulo original: The allure of labor : workers, race, and the making of the Peruvian state. |
||
| 650 |
_aTrabajo y trabajadores _99211 |
||
| 650 |
_aPolítica laboral _94687 |
||
| 650 |
_aIndígenas del Perú _95715 |
||
| 650 |
_aDiscriminación racial _911668 |
||
| 650 |
_aMarginación social _944857 |
||
| 650 |
_aHistoria social _92972 |
||
| 650 |
_aPolítica social _94012 |
||
| 650 |
_aSiglo XX _944858 |
||
| 650 |
_aPerú _944859 |
||
| 710 |
_aInstituto de Estudios Peruanos (Lima) _99759 |
||
| 710 |
_aMinisterio de Cultura _96146 |
||
| 942 |
_2ddc _cLIBROS |
||
| 945 | _aRoel | ||